| 000 | 02821nam0a2200373 4500 | ||
|---|---|---|---|
| 001 | RU\NLR\BIBL_A\012111509 | ||
| 005 | 20191029145828.0 | ||
| 010 |
_a978-5-6042746-0-6 _9250 |
||
| 021 |
_aRU _bКН-П-19-066329 _9КН-П-19-4772 |
||
| 035 | _a(NLR Aleph) 012111509 | ||
| 035 | _a(RuMoRGB)010085439 | ||
| 090 |
_a11943256 _c11943256 |
||
| 100 | _a20191003d2019 k y0rusy50 ca | ||
| 101 | 0 | _arus | |
| 102 | _aRU | ||
| 105 | _aa|||z|||000zy | ||
| 200 | 1 |
_aСудебно-медицинская экспертиза повреждений, причиненных выстрелами из нелетального (травматического) оружия _eмонография _f[Леонов Сергей Валерьевич - профессор, доктор медицинских наук, Пинчук Павел Васильевич - доктор медицинских наук, доцент, Петров Владимир Владиславович, Кислов Максим Александрович - профессор, доктор медицинских наук] _gКафедра управления военным здравоохранением филиала (гш. Москва) ФГБОУ ВО "Военно-медицинская академия им. С. М. Кирова" Минобороны России, ФГКУ "111 Главный государственный центр судебно-медицинских и криминалистических экспертиз" Минобороны России |
|
| 210 |
_aМосква _cМозартика _d2019 |
||
| 215 |
_a203 с. _cил. _d21 |
||
| 320 | _aБиблиогр. в подстроч. примеч. | ||
| 606 | 1 |
_aОгнестрельные раны _xСудебно-медицинская экспертиза _91429818 _3RU\NLR\AUTH\66604253 |
|
| 686 | 1 | _aХ629.414 | |
| 686 | 1 | _aР811.244.3 | |
| 701 | 1 |
_7ca _8rus _aЛеонов _bС. В. _cд-р мед. наук _gСергей Валерьевич _949480 _3RU\NLR\AUTH\7766552 |
|
| 701 | 1 |
_aПинчук _bП. В. _gПавел Васильевич |
|
| 701 | 1 |
_7ca _8rus _aПетров _bВ. В. _cврач, суд.-мед. эксперт _f1963- _gВладимир Владиславович _9211762 _3RU\NLR\AUTH\770211818 |
|
| 701 | 1 |
_aКислов _bМ. А. _gМаксим Александрович |
|
| 712 | 0 | 2 |
_4570 _aВоенно-медицинская академия им. С. М. Кирова _bФилиал _bКафедра управления военным здравоохранением _cСанкт-Петербург _cМосква _9680090 _3RU\NLR\AUTH\880509885 |
| 942 | _cBOOK | ||
| 980 | _aNB | ||